000 00312nam a22001457a 4500
008 211012b ||||| |||| 00| 0 eng d
020 _a011572110
041 _aeng
080 _a004
082 _a004
100 _a28
101 _aSHKI
245 _aExcel 2007 Macros Made Easy
_cPerry,G
942 _2udc
_cBK
999 _c58161
_d58161